WNBA Teams - Statistics

General Stats
  • This quiz has been taken 277 times
  • The average score is 9 of 12
Answer Stats
Teams % Correct
New York Liberty
89%
Las Vegas Aces
84%
Los Angeles Sparks
83%
Chicago Sky
80%
Indiana Fever
80%
Minnesota Lynx
78%
Connecticut Sun
77%
Atlanta Dream
71%
Dallas Wings
70%
Phoenix Mercury
70%
Washington Mystics
70%
Seattle Storm
67%
No matching quizzes found
Score Distribution
Percent of People with Each Score
Percentile by Number Answered
Your Score History
You have not taken this quiz